MARC details
| 000 -CABECERA |
| campo de control de longitud fija |
03640nam a2200277 i 4500 |
| 001 - NÚMERO DE CONTROL |
| campo de control |
991061132662206706 |
| 005 - FECHA Y HORA DE LA ÚLTIMA TRANSACCIÓN |
| campo de control |
20250827124139.0 |
| 008 - DATOS DE LONGITUD FIJA--INFORMACIÓN GENERAL |
| campo de control de longitud fija |
240522s2024 spc|||| |||| 0|0 f spa| |
| 015 ## - NÚMERO DE BIBLIOGRAFÍA NACIONAL |
| Número de bibliografía nacional |
LL2024 |
| Fuente |
bnc |
| 017 ## - NÚMERO DE COPYRIGHT O DE DEPÓSITO LEGAL |
| Número de copyright o de depósito legal |
DL B 2698-2024 |
| Agencia que asigna |
Biblioteca de Catalunya |
| 020 ## - NÚMERO INTERNACIONAL ESTÁNDAR DEL LIBRO |
| Número Internacional Estándar del Libro |
9788419089823 |
| 040 ## - FUENTE DE LA CATALOGACIÓN |
| Centro catalogador/agencia de origen |
ES-BaBC |
| Lengua de catalogación |
eng |
| Normas de descripción |
rda |
| Centro/agencia transcriptor |
ES-BaBC |
| 041 1# - CÓDIGO DE LENGUA |
| Código de lengua del texto/banda sonora o título independiente |
Spanish |
| Código de lengua original |
eng |
| 100 ## - ENTRADA PRINCIPAL--NOMBRE DE PERSONA |
| Nombre de persona |
O'Farrell, Maggie |
| Fechas asociadas al nombre |
1972- |
| Término indicativo de función/relación |
autor |
| 9 (RLIN) |
23612 |
| 240 10 - TÍTULO UNIFORME |
| Título uniforme |
Distance between us. |
| Lenguaje de la obra |
Spanish |
| 245 13 - MENCIÓN DE TÍTULO |
| Título |
La Distancia que nos separa |
| Mención de responsabilidad, etc. |
/ Maggie O'Farrell ; translated by Concha Cardeñoso Sáenz de Miera |
| 250 ## - MENCIÓN DE EDICIÓN |
| Mención de edición |
First edition |
| 260 ## - PUBLICACIÓN, DISTRIBUCIÓN, ETC. |
| Lugar de publicación, distribución, etc. |
Barcelona: |
| Nombre del editor, distribuidor, etc. |
Libros del Asteroide, |
| Fecha de publicación, distribución, etc. |
2024 |
| 300 ## - DESCRIPCIÓN FÍSICA |
| Extensión |
336 pages ; |
| Dimensiones |
22 cm |
| 490 1# - MENCIÓN DE SERIE |
| Mención de serie |
Libros del Asteroide ; |
| Designación de volumen o secuencia |
314 |
| 520 ## - SUMARIO, ETC. |
| Sumario, etc. |
Inédita en español, una nueva pieza del extraordinario universo de Maggie O’Farrell: un libro cautivador sobre la forma en que la familia moldea nuestra vida.<br/><br/>Paseando por Londres, Stella se cruza con un hombre que la devuelve a un momento insoportable de su pasado. Este encuentro la perturba tanto que deja inmediatamente el trabajo y, sin avisar a nadie, se instala en un recóndito lugar de Escocia; solo su impredecible hermana Nina, a quien está muy unida desde niña, sabrá dónde encontrarla. Al otro lado del mundo, en Hong Kong, Jake y su novia están disfrutando de la multitudinaria celebración del Año Nuevo chino cuando ocurre un accidente. Stella y Jake no se conocen, pero ambos huyen de sus vidas: Jake busca un lugar tan remoto que no aparece en ningún mapa, y Stella se esconde de algo cuyo significado únicamente su hermana puede entender.<br/><br/>Inédita en español, La distancia que nos separa –la tercera novela de Maggie O’Farrell, publicada por primera vez en 2004–, explora ya algunos de los temas que serán fundamentales en la obra de la autora de Hamnet y El retrato de casada: los lazos afectivos, el peso de los recuerdos y la necesidad de independencia. Una cautivadora historia sobre cómo la familia conforma nuestras vidas, y sobre lo difícil que es, por mucho que lo intentemos, dejar atrás nuestros orígenes. |
| 520 ## - SUMARIO, ETC. |
| Sumario, etc. |
Unpublished in Spanish, a new addition to Maggie O’Farrell’s extraordinary universe: a captivating novel about the ways in which family shapes our lives.<br/><br/>While walking through London, Stella encounters a man who drags her back to an unbearable moment from her past. The meeting unsettles her so profoundly that she immediately gives up her job and, without telling anyone, retreats to a remote corner of Scotland; only her unpredictable sister Nina, with whom she has been close since childhood, will know where to find her. On the other side of the world, in Hong Kong, Jake and his girlfriend are caught up in the bustling Chinese New Year celebrations when an accident occurs. Stella and Jake are strangers, yet both are running from their own lives: Jake is searching for a place so remote it cannot be found on any map, while Stella is hiding from something whose meaning only her sister can truly understand.<br/><br/>The Distance Between Us — Maggie O’Farrell’s third novel, first published in 2004 and now newly available in Spanish — already explores many of the themes that would come to define the work of the author of Hamnet and The Marriage Portrait: the bonds of affection, the weight of memory, and the need for independence. A mesmerising story about how family shapes our existence, and how difficult it is, no matter how hard we try, to leave our origins behind. |
| 700 ## - ENTRADA AGREGADA--NOMBRE PERSONAL |
| Nombre de persona |
Cardeñoso, Concha. |
| Término indicativo de función/relación |
translator |
| Fechas asociadas al nombre |
1956- |
| 830 #0 - PUNTO DE ACCESO ADICIONAL DE SERIE-TÍTULO UNIFORME |
| Título uniforme |
Libros del Asteroide ; |
| Designación de volumen o secuencia |
314 |
| 942 ## - ELEMENTOS DE ENTRADA AGREGADA (KOHA) |
| Fuente del sistema de clasificación o colocación |
Clasificación de Library of Congress |